000 00781cab a2200241 4500
001 WB3116-54
008 090401t1995 xxu||||| |||| 00| 0 eng d
035 _a(Sirsi) u57595
041 _aeng
245 _aHomes for rent
260 _c1995
350 _a0
490 _aEstates Gazette
_v(9516) 22 April 1995, 77(1)
520 _aAn increase in the supply of homes for rent for low-income households in housing need is required according to a practice note "Meeting housing needs in the private rented sector" by the Chartered Institute of Housing.
650 _aAffordable housing
_96215
650 _aCIH
650 _aLOW-INCOME FAMILIES
650 _aPRACTICE NOTE
650 _aPRIVATE RENTED SECTOR
690 _aHOUSING
942 _n0
948 _c04/03/1997
999 _c35138
_d35138